| 000 | 00528nam a2200181Ia 4500 | ||
|---|---|---|---|
| 001 | 19903 | ||
| 005 | 20260306172727.0 | ||
| 008 | 260306t2017||||xx |||||||||||||| ||spa|| | ||
| 041 | _aESP | ||
| 082 |
_a341.4 _bCH533 |
||
| 100 |
_aChávez-Fernández Postigo, José _eAUT |
||
| 245 | 0 | _aLuis Recaséns y la teoría estándar de la argumentación jurídica. Una revalorización del logos de lo razonable | |
| 260 | _c2017 | ||
| 300 |
_a368 páginas : _c24 cm. |
||
| 650 | _aGEN | ||
| 654 | _aCDE | ||
| 942 |
_cLIB _dJUS _fJUS _2ddc _n |
||
| 999 |
_c19903 _d19903 |
||